000 00514cam a22001934a 4500
005 20250605164309.0
008 250528s ||||||||||||||||||||||||d
035 _a22406
020 _a9789602184455
040 _aGR-AtMCL
_bgre
_dGR-AtMCL
_eAACR2
245 1 _aΗ ΨΥΧΑΝΑΛΥΣΗ ΑΠΟ ΤΟΝ ΦΡΟΥΝΤ ΩΣ ΤΙΣ ΜΕΡΕΣ ΜΑΣ
250 _a1
260 _bΚριτική,
_c2005
300 _a455
700 1 _aBourdin Dominique
_98247
942 _cBK
999 _c7459
_d7459